000 00436nam a22001697a 4500
008 170725b xxu||||| |||| 00| m tur d
020 _a9752892787
041 _atur
050 _aPL248.T44
100 _9334
_aAhmet Telli
245 _aBuradayım Sözümde
_cAhmet Telli
250 _a1.Basım
260 _aİstanbul
_bEverest Yayınları
_c2 Aralık 2005
300 _a199 Sayfa
650 0 _9145
_aTürk Edebiyatı
942 _2lcc
_cBK
999 _c675
_d667